<?xml version="1.0" encoding="UTF-8"?>
<record
    xmlns:xsi="http://www.w3.org/2001/XMLSchema-instance"
    xsi:schemaLocation="http://www.loc.gov/MARC21/slim http://www.loc.gov/standards/marcxml/schema/MARC21slim.xsd"
    xmlns="http://www.loc.gov/MARC21/slim">

  <leader>02042na  a2200373   4500</leader>
  <controlfield tag="001">22660</controlfield>
  <controlfield tag="003">MIRAKIL</controlfield>
  <controlfield tag="005">20181213154820.0</controlfield>
  <controlfield tag="008">170221b        tu            000 0      </controlfield>
  <datafield tag="035" ind1=" " ind2=" ">
    <subfield code="a">20911</subfield>
  </datafield>
  <datafield tag="040" ind1=" " ind2=" ">
    <subfield code="a">Milas</subfield>
    <subfield code="b">tur</subfield>
    <subfield code="c">TR-AnCHP</subfield>
  </datafield>
  <datafield tag="041" ind1=" " ind2=" ">
    <subfield code="a">tur</subfield>
  </datafield>
  <datafield tag="082" ind1=" " ind2=" ">
    <subfield code="a">CHP 320.715</subfield>
    <subfield code="b">P26 [2000-14]</subfield>
  </datafield>
  <datafield tag="090" ind1=" " ind2=" ">
    <subfield code="a">CHP 320.715 P26 [2000-14]</subfield>
  </datafield>
  <datafield tag="091" ind1=" " ind2=" ">
    <subfield code="a">PART&#x130; &#x130;&#xC7;&#x130; E&#x11E;&#x130;T&#x130;M - 2</subfield>
  </datafield>
  <datafield tag="245" ind1=" " ind2=" ">
    <subfield code="a">[Parti &#x130;&#xE7;i E&#x11F;itim ile ilgili &#xE7;e&#x15F;itli &#xE7;al&#x131;&#x15F;malar]</subfield>
    <subfield code="c">CHP Genel Merkez Parti &#x130;&#xE7;i E&#x11F;itim</subfield>
  </datafield>
  <datafield tag="260" ind1=" " ind2=" ">
    <subfield code="a">Ankara </subfield>
    <subfield code="b">CHP</subfield>
    <subfield code="c">[2000-2014]</subfield>
  </datafield>
  <datafield tag="300" ind1=" " ind2=" ">
    <subfield code="a">c.</subfield>
    <subfield code="c">30 sm.</subfield>
  </datafield>
  <datafield tag="505" ind1=" " ind2=" ">
    <subfield code="a">1) CHP parti okulu kurulu&#x15F; projesi / Necdet Basa (2 kopya)  -- 2) &#x130;nsan haklar&#x131; [sunum] / CHP Parti Okulu - 3) Ankara il Gen&#xE7;lik Kollar&#x131; parti i&#xE7;i e&#x11F;itim kitap&#xE7;&#x131;&#x11F;&#x131; - 4) Antalya il &#xF6;rg&#xFC;t&#xFC; parti i&#xE7;i e&#x11F;itim kitap&#xE7;&#x131;&#x11F;&#x131; - 5) C.H.P. Bal&#x131;kesir il &#xF6;rg&#xFC;t&#xFC; parti i&#xE7;i e&#x11F;itim ders notlar&#x131; -1 (Ocak 2000) - 6) CHP sosyal demokrasi parti i&#xE7;i e&#x11F;itim yerel y&#xF6;netimler / Cezmi Do&#x11F;aner - 7) Parti i&#xE7;i e&#x11F;itim : devam eden &#xE7;al&#x131;&#x15F;malar: 5 Kas&#x131;m 2014 [sunum]/ Seyhan Erdo&#x11F;du - 8)  CHP parti i&#xE7;i e&#x11F;itim birimi y&#x131;ll&#x131;k de&#x11F;erlendirme raporu (1999-2000) </subfield>
  </datafield>
  <datafield tag="610" ind1=" " ind2=" ">
    <subfield code="a">CHP Parti Okulu</subfield>
  </datafield>
  <datafield tag="610" ind1=" " ind2=" ">
    <subfield code="a">CHP</subfield>
    <subfield code="x">Parti i&#xE7;i e&#x11F;itim</subfield>
  </datafield>
  <datafield tag="650" ind1=" " ind2=" ">
    <subfield code="a">Siyasal partiler</subfield>
    <subfield code="x">Parti i&#xE7;i e&#x11F;itim</subfield>
    <subfield code="z">T&#xFC;rkiye</subfield>
  </datafield>
  <datafield tag="657" ind1=" " ind2=" ">
    <subfield code="a">CHP parti i&#xE7;i e&#x11F;itimi</subfield>
  </datafield>
  <datafield tag="740" ind1=" " ind2=" ">
    <subfield code="a">CHP parti i&#xE7;i e&#x11F;itim birimi y&#x131;ll&#x131;k de&#x11F;erlendirme raporu (1999-2000)</subfield>
  </datafield>
  <datafield tag="740" ind1=" " ind2=" ">
    <subfield code="a">Parti i&#xE7;i e&#x11F;itim : devam eden &#xE7;al&#x131;&#x15F;malar: 5 Kas&#x131;m 2014 [sunum]/ Seyhan Erdo&#x11F;du</subfield>
  </datafield>
  <datafield tag="740" ind1=" " ind2=" ">
    <subfield code="a">CHP sosyal demokrasi parti i&#xE7;i e&#x11F;itim yerel y&#xF6;netimler / Cezmi Do&#x11F;aner</subfield>
  </datafield>
  <datafield tag="740" ind1=" " ind2=" ">
    <subfield code="a">CHP Bal&#x131;kesir il &#xF6;rg&#xFC;t&#xFC; parti i&#xE7;i e&#x11F;itim ders notlar&#x131; -1 (Ocak 2000) </subfield>
  </datafield>
  <datafield tag="740" ind1=" " ind2=" ">
    <subfield code="a">Antalya il &#xF6;rg&#xFC;t&#xFC; parti i&#xE7;i e&#x11F;itim kitap&#xE7;&#x131;&#x11F;&#x131;</subfield>
  </datafield>
  <datafield tag="740" ind1=" " ind2=" ">
    <subfield code="a">Ankara il Gen&#xE7;lik Kollar&#x131; parti i&#xE7;i e&#x11F;itim kitap&#xE7;&#x131;&#x11F;&#x131;</subfield>
  </datafield>
  <datafield tag="740" ind1=" " ind2=" ">
    <subfield code="a">&#x130;nsan haklar&#x131; [sunum] / CHP Parti Okulu</subfield>
  </datafield>
  <datafield tag="740" ind1=" " ind2=" ">
    <subfield code="a">CHP parti okulu kurulu&#x15F; projesi / Necdet Basa</subfield>
  </datafield>
  <datafield tag="942" ind1=" " ind2=" ">
    <subfield code="2">ddc</subfield>
    <subfield code="c">BKS</subfield>
  </datafield>
  <datafield tag="952" ind1=" " ind2=" ">
    <subfield code="a">0001</subfield>
    <subfield code="b">0001</subfield>
    <subfield code="d">2017-02-21</subfield>
    <subfield code="e">2</subfield>
    <subfield code="l">0</subfield>
    <subfield code="o">CHP 320.715 P26 [2000-14]</subfield>
    <subfield code="p">016240</subfield>
    <subfield code="r">2017-02-21 00:00:00</subfield>
    <subfield code="v">0.00</subfield>
    <subfield code="w">2017-02-21</subfield>
    <subfield code="y">BKS</subfield>
  </datafield>
  <datafield tag="952" ind1=" " ind2=" ">
    <subfield code="a">0001</subfield>
    <subfield code="b">0001</subfield>
    <subfield code="d">2017-02-21</subfield>
    <subfield code="e">2</subfield>
    <subfield code="l">0</subfield>
    <subfield code="o">CHP 320.715 P26 [2000-14]</subfield>
    <subfield code="p">016241</subfield>
    <subfield code="r">2017-02-21 00:00:00</subfield>
    <subfield code="v">0.00</subfield>
    <subfield code="w">2017-02-21</subfield>
    <subfield code="y">BKS</subfield>
  </datafield>
  <datafield tag="952" ind1=" " ind2=" ">
    <subfield code="a">0001</subfield>
    <subfield code="b">0001</subfield>
    <subfield code="d">2017-02-21</subfield>
    <subfield code="e">2</subfield>
    <subfield code="l">0</subfield>
    <subfield code="o">CHP 320.715 P26 [2000-14]</subfield>
    <subfield code="p">016242</subfield>
    <subfield code="r">2017-02-21 00:00:00</subfield>
    <subfield code="v">0.00</subfield>
    <subfield code="w">2017-02-21</subfield>
    <subfield code="y">BKS</subfield>
  </datafield>
  <datafield tag="952" ind1=" " ind2=" ">
    <subfield code="a">0001</subfield>
    <subfield code="b">0001</subfield>
    <subfield code="d">2017-02-21</subfield>
    <subfield code="e">2</subfield>
    <subfield code="h">c.2</subfield>
    <subfield code="l">0</subfield>
    <subfield code="o">CHP 320.715 P26 [2000-14]</subfield>
    <subfield code="p">016243</subfield>
    <subfield code="r">2017-02-21 00:00:00</subfield>
    <subfield code="v">0.00</subfield>
    <subfield code="w">2017-02-21</subfield>
    <subfield code="y">BKS</subfield>
  </datafield>
  <datafield tag="952" ind1=" " ind2=" ">
    <subfield code="a">0001</subfield>
    <subfield code="b">0001</subfield>
    <subfield code="d">2017-02-21</subfield>
    <subfield code="e">2</subfield>
    <subfield code="h">c.3</subfield>
    <subfield code="l">0</subfield>
    <subfield code="o">CHP 320.715 P26 [2000-14]</subfield>
    <subfield code="p">016244</subfield>
    <subfield code="r">2017-02-21 00:00:00</subfield>
    <subfield code="v">0.00</subfield>
    <subfield code="w">2017-02-21</subfield>
    <subfield code="y">BKS</subfield>
  </datafield>
  <datafield tag="952" ind1=" " ind2=" ">
    <subfield code="a">0001</subfield>
    <subfield code="b">0001</subfield>
    <subfield code="d">2017-02-21</subfield>
    <subfield code="e">2</subfield>
    <subfield code="h">c.4</subfield>
    <subfield code="l">0</subfield>
    <subfield code="o">CHP 320.715 P26 [2000-14]</subfield>
    <subfield code="p">016245</subfield>
    <subfield code="r">2017-02-21 00:00:00</subfield>
    <subfield code="v">0.00</subfield>
    <subfield code="w">2017-02-21</subfield>
    <subfield code="y">BKS</subfield>
  </datafield>
  <datafield tag="952" ind1=" " ind2=" ">
    <subfield code="a">0001</subfield>
    <subfield code="b">0001</subfield>
    <subfield code="d">2017-02-21</subfield>
    <subfield code="e">2</subfield>
    <subfield code="h">c.5</subfield>
    <subfield code="l">0</subfield>
    <subfield code="o">CHP 320.715 P26 [2000-14]</subfield>
    <subfield code="p">016246</subfield>
    <subfield code="r">2017-02-21 00:00:00</subfield>
    <subfield code="v">0.00</subfield>
    <subfield code="w">2017-02-21</subfield>
    <subfield code="y">BKS</subfield>
  </datafield>
  <datafield tag="952" ind1=" " ind2=" ">
    <subfield code="a">0001</subfield>
    <subfield code="b">0001</subfield>
    <subfield code="d">2017-02-21</subfield>
    <subfield code="e">2</subfield>
    <subfield code="h">c.6</subfield>
    <subfield code="l">0</subfield>
    <subfield code="o">CHP 320.715 P26 [2000-14]</subfield>
    <subfield code="p">016247</subfield>
    <subfield code="r">2017-02-21 00:00:00</subfield>
    <subfield code="v">0.00</subfield>
    <subfield code="w">2017-02-21</subfield>
    <subfield code="y">BKS</subfield>
  </datafield>
  <datafield tag="952" ind1=" " ind2=" ">
    <subfield code="a">0001</subfield>
    <subfield code="b">0001</subfield>
    <subfield code="d">2017-02-21</subfield>
    <subfield code="e">2</subfield>
    <subfield code="h">c.7</subfield>
    <subfield code="l">0</subfield>
    <subfield code="o">CHP 320.715 P26 [2000-14]</subfield>
    <subfield code="p">016248</subfield>
    <subfield code="r">2017-02-21 00:00:00</subfield>
    <subfield code="v">0.00</subfield>
    <subfield code="w">2017-02-21</subfield>
    <subfield code="y">BKS</subfield>
  </datafield>
  <datafield tag="999" ind1=" " ind2=" ">
    <subfield code="c">1352</subfield>
    <subfield code="d">1352</subfield>
  </datafield>
</record>
